000 00424nam a22001817a 4500
003 MPLRDC
005 20220104114128.0
008 210129b ||||| |||| 00| 0 eng d
020 _a7-119-01549-4
082 _a782.873 CXQ
100 _a周汝昌
245 _a曹雪芹新传
_c
250 _a第一版
260 _a
_b外文出版社
_c1992
300 _b
650 _a曹雪芹传记
942 _cBK
_o782.873 CXQ
999 _c5041
_d5031